000 00747cam a22002657a 4500
003 CHAP
005 20220329140001.0
008 971013s1979 r 00010 d
010 _a45084
011 _a46056
035 _a50196
040 _cCHAP
090 _aFolleto 11335
100 0 0 _aRaymond, Dick.
_994831
245 1 4 _aThe gardens for all book of lettuce & greens
260 _aBurlington Vermont :
_bGardens for All,
_c1979
300 _a35 p.
_b: ilus.
590 _aBATCH-UPD
_b10
_c20130110
_lUCH01
_h1751
590 _aCONVERSION
_b10
_c20130109
_lUCH01
_h1325
650 1 4 _aHorticultura.
_956291
700 0 _aRaymond, Jan.
_994833
901 _aBK
942 _cFOLL
949 _aFolleto 11335
_bBC
_cFOLL
_d-112891
_eTS1
_i50196
_si
999 _c45084
_d45084